00221nam a22000977a 4500008004100000082001100041245003500052260000900087300001000096440001700106180806b xxu||||| |||| 00| 0 eng d a813.52 aChildren's EncyclopediacIndeo c1997 a1fCD x635517022346